| 000 | 00785nam a22002057a 4500 | ||
|---|---|---|---|
| 999 |
_c12278 _d12278 |
||
| 003 | AR-CdUCM | ||
| 008 | 190408b ||||| |||| 00| 0 spa d | ||
| 040 |
_aMUNICIPALIDAD PROVINCIAL DEL CUSCO _cBIBLIOTECA MUNICIPAL DEL CUSCO |
||
| 082 |
_aC / 781 / _bC35 |
||
| 100 |
_aCastro Pinto, Ricardo _930049 |
||
| 245 | _aCantares de mi escuela / | ||
| 260 |
_aCusco : _bEscuela Fiscales de la ciudad del Cusco, _c1970. |
||
| 300 |
_a27 páginas ; _bpentagramas, _c21 cm. |
||
| 505 | _aContenido: Himno al Perú -- Himno al Cusco -- Marcha de banderas -- Himno a Inka Garcilaso de la Vega -- Himno al maestro -- Arbolito solitario ... | ||
| 650 |
_aMúsica _91443 |
||
| 650 |
_aHimnos _930050 |
||
| 650 |
_aPentagramas musicales _930051 |
||
| 942 |
_2ddc _cLIBROS |
||
| 945 |
_aachl _d2019-04-08 |
||